000 00628nam a2200241Ia 4500
003 OSt
005 20220924115612.0
006 a|||||r|||| 00| 0
007 ta
008 220923b |||||||| |||| 00| 0 urd d
024 _a286234
037 _cTextual
040 _aARTS
_cARTS
_burd
041 _2urd
_aurd
082 _aO168,1:gx(Y:42), N4
100 _aArifi Amir
_9178928
245 0 _aShahr Ashob
260 _aDelhi
_bDept. of Urdu India
_c1994
300 _a288p.
_ccm.
650 _aURDU POETRY
942 _hO168,1:gx(Y:42), N4
_cTEXL
_2CC
999 _c399095
_d399095